[Event "Cairo Elnokhba 2 (Women)"]
[Site "Cairo"]
[Date "2011.07.29"]
[Round "7"]
[White "Ghazal, Marwa"]
[Black "Mohsen, Hend"]
[Result "1/2-1/2"]
[WhiteElo "1749"]
[BlackElo "1767"]
[PlyCount "62"]
[EventDate "2011.07.23"]
[EventType "swiss"]
[EventRounds "9"]
[EventCountry "EGY"]
[SourceTitle "EXT 2019"]
[Source "ChessBase"]
[SourceDate "2018.10.10"]
[SourceVersion "1"]
[SourceVersionDate "2018.10.10"]
[SourceQuality "1"]

1. d4 Nf6 2. Nf3 d5 3. Bf4 g6 4. e3 Bg7 5. Bd3 b6 6. 0-0 Bb7 7. Nbd2 Nbd7 8. Ne5 Nh5 9. Ndf3 Nxf4 10. exf4 f5 11. Nxd7 Qxd7 12. Ne5 Qd6 13. c3 e6 14. Qa4+ c6 15. g3 b5 16. Bxb5 Bxe5 17. fxe5 cxb5 18. Qxb5+ Qc6 19. Qb4 a5 20. Qa3 Ba6 21. Rfd1 Kf7 22. Rd2 a4 23. f4 Rhg8 24. h4 h5 25. Rc1 Bc4 26. Kf2 Rab8 27. Rg1 Rb6 28. Ke3 Rh8 29. Rb1 Qb7 30. b3 axb3 31. axb3 Ra8 1/2-1/2

[Event "Cairo Elnokhba 2 (Women)"]
[Site "Cairo"]
[Date "2011.07.28"]
[Round "6"]
[White "Mahmoud, Maha"]
[Black "Ghazal, Marwa"]
[Result "1-0"]
[WhiteElo "1774"]
[BlackElo "1749"]
[PlyCount "53"]
[EventDate "2011.07.23"]
[EventType "swiss"]
[EventRounds "9"]
[EventCountry "EGY"]
[SourceTitle "EXT 2019"]
[Source "ChessBase"]
[SourceDate "2018.10.10"]
[SourceVersion "1"]
[SourceVersionDate "2018.10.10"]
[SourceQuality "1"]

1. e4 e5 2. d4 Nf6 3. dxe5 Nxe4 4. Qd5 Nc5 5. Bc4 Ne6 6. Nf3 Be7 7. 0-0 c6 8. Qe4 b5 9. Bxe6 dxe6 10. Qg4 g6 11. Bh6 Nd7 12. Nc3 Qc7 13. Rfe1 Bb7 14. Bg5 Bxg5 15. Qxg5 h6 16. Qe3 Nb6 17. Rad1 b4 18. Ne4 Nd5 19. Nd6+ Ke7 20. Qc5 Kd7 21. Qd4 c5 22. Qc4 Ke7 23. Ne4 Rac8 24. Nd6 Nb6 25. Nxc8+ Qxc8 26. Qf4 Nd5 27. Qd2 1-0

[Event "Cairo Elnokhba (Women)"]
[Site "Cairo"]
[Date "2011.04.17"]
[Round "7"]
[White "Mahmoud, Maha"]
[Black "Ghazal, Marwa"]
[Result "1-0"]
[WhiteElo "1787"]
[BlackElo "1819"]
[PlyCount "57"]
[EventDate "2011.04.10"]
[EventType "swiss"]
[EventRounds "9"]
[EventCountry "EGY"]
[SourceTitle "EXT 2012"]
[Source "ChessBase"]
[SourceDate "2011.11.24"]
[SourceVersion "1"]
[SourceVersionDate "2011.11.24"]
[SourceQuality "1"]

1. e4 c6 2. c4 d5 3. exd5 cxd5 4. cxd5 Qxd5 5. Nc3 Qd8 6. d4 Nf6 7. Bc4 g6 8. Nf3 Bg7 9. Ne5 e6 10. 0-0 0-0 11. Be3 Nbd7 12. f4 Nb6 13. Bb3 Nbd5 14. Qf3 Nxe3 15. Qxe3 b6 16. Rae1 Bb7 17. Nxf7 Rxf7 18. Bxe6 Ng4 19. Bxf7+ Kxf7 20. Qe6+ Kf8 21. Qxg4 Qxd4+ 22. Kh1 Ba6 23. Rd1 Qb4 24. Qf3 Re8 25. Rfe1 Rxe1+ 26. Rxe1 Qxb2 27. Qa8+ Kf7 28. Qe8+ Kf6 29. Qe6# 1-0

[Event "Cairo Elnokhba (Women)"]
[Site "Cairo"]
[Date "2011.04.12"]
[Round "3"]
[White "Ghazal, Marwa"]
[Black "Mahmoud, Merihan"]
[Result "0-1"]
[WhiteElo "1819"]
[BlackElo "1809"]
[PlyCount "88"]
[EventDate "2011.04.10"]
[EventType "swiss"]
[EventRounds "9"]
[EventCountry "EGY"]
[SourceTitle "EXT 2012"]
[Source "ChessBase"]
[SourceDate "2011.11.24"]
[SourceVersion "1"]
[SourceVersionDate "2011.11.24"]
[SourceQuality "1"]

1. e4 d5 2. d4 dxe4 3. Nc3 Bf5 4. f3 exf3 5. Nxf3 Nf6 6. Bc4 e6 7. 0-0 Bd6 8. Ng5 Bg4 9. Qe1 0-0 10. Bd3 h6 11. Nge4 Be7 12. h3 Bh5 13. Be3 Nc6 14. Qg3 Nxe4 15. Bxe4 Bh4 16. Qf4 Nxd4 17. g4 g5 18. Bh7+ Kxh7 19. Qxd4 Qxd4 20. Bxd4 Bg6 21. Rf6 Bxc2 22. Bc5 Kg7 23. Raf1 Bf5 24. Bxf8+ Rxf8 25. R6xf5 exf5 26. Rxf5 c6 27. Re5 Kf6 28. Rf5+ Ke6 29. Ne4 b6 30. Kg2 Rd8 31. Kf1 Rd4 32. Nf2 Bxf2 33. Rxf2 Rf4 34. b3 Ke5 35. Ke2 Rxf2+ 36. Kxf2 Kf4 37. a3 a5 38. a4 b5 39. axb5 cxb5 40. Ke2 Kg3 41. Kd3 Kxh3 42. Kc3 Kxg4 43. Kd4 a4 44. bxa4 bxa4 0-1